00000000nam 2200000zi 4500
0019.922651
003CaOODSP
00520240913142105
006m     o  d f      
007cr |n|||||||||
008230512e202306  nscbd   ob   f000 0 fre d
020 |a9780660486758
040 |aCaOODSP|bfre|erda|cCaOODSP
043 |an-cn-ns|aln-----
045 |ay0y2
0861 |aFs70-7/2023-027F-PDF
24500|aMise à jour de l'état du stock de pétoncles (Placopecten magellanicus) de la zone de pêche du pétoncle 29 à l'ouest de la longitude 65° 30'.
24637|aRéponse des sciences : |bmise à jour sur l’état du stock de pétoncles dans la ZPP 29 à l’ouest de 65° 30’
264 1|aDartmouth (Nouvelle-Écosse) : |bSecrétariat canadien de consultation scientifique, |cjuin 2023.
264 4|c©2023
300 |a1 ressource en ligne (16 pages) : |bcartes, graphiques.
336 |atexte|btxt|2rdacontent/fre
337 |ainformatique|bc|2rdamedia/fre
338 |aressource en ligne|bcr|2rdacarrier/fre
4901 |aRéponse des sciences, |x1919-3815 ; |v2023/027
500 |aPublié aussi en anglais sous le titre : Stock status update for scallop (Placopecten magellanicus) in scallop fishing area 29 west of longitude 65°30'.
500 |aTitre de départ.
504 |aComprend des références bibliographiques (pages 13-14).
650 6|aPétoncle géant|zNouvelle-Écosse|zAtlantique, Côte de l'.
650 6|aPétoncle géant|xPêche commerciale|zNouvelle-Écosse|zAtlantique, Côte de l'.
650 6|aRessources halieutiques|xÉvaluation|zNouvelle-Écosse|zAtlantique, Côte de l'.
7101 |aCanada. |bMinistère des pêches et des océans. |bRégion des Maritimes, |eorganisme de publication.
7102 |aSecrétariat canadien de consultation scientifique, |eorganisme de publication.
77508|tStock status update for scallop (Placopecten magellanicus) in scallop fishing area 29 west of longitude 65°30'.|w(CaOODSP)9.922649
830#0|aRéponse des sciences (Secrétariat canadien de consultation scientifique)|v2023/027.|w(CaOODSP)9.502630
85640|qPDF|s2.25 Mo|uhttps://publications.gc.ca/collections/collection_2023/mpo-dfo/fs70-7/Fs70-7-2023-027-fra.pdf